[Event "Norm Congress-GM 2019"]
[Site "Saint Louis"]
[Date "2019.05.18"]
[Round "4.3"]
[White "Boros, Denes"]
[Black "Banawa, Joel"]
[Result "1-0"]
[WhiteElo "2439"]
[BlackElo "2396"]
[Annotator "TA"]
[PlyCount "97"]
[EventDate "2019.05.16"]
[EventType "tourn"]
[EventCountry "USA"]
[SourceTitle "playchess.com"]
[Source "ChessBase"]
[SourceQuality "1"]

{[%evp 10,97,7,-22,-9,-7,-11,-27,0,-8,0,-50,-48,-53,-27,-21,33,31,78,70,179,192,195,182,176,183,185,158,150,114,134,73,79,76,83,73,72,64,61,67,60,62,75,35,33,25,62,60,56,58,58,58,58,41,42,42,54,54,57,55,53,54,56,58,76,73,121,113,105,91,118,134,170,163,277,245,287,287,279,266,270,262,277,269,233,237,369,370,29980,29982]} 1. e4 e6 2. d4 d5 3. Nc3 Nf6 4. exd5 exd5 5. Bg5 Be7 6. Qd2 O-O {C01: French: Exchange Variation} 7. O-O-O c6 (7... Nc6 8. h4 Bf5 9. Qf4 Bg6 10. Bxf6 Bxf6 11. Nf3 Re8 12. Bd3 Bxd3 13. Rxd3 Nb4 14. Re3 Rxe3 15. fxe3 {½-½ (50) Short,N (2678)-Harikrishna,P (2737) Douglas 2015}) 8. Re1 a5 $146 {Black has an edge.} ({Predecessor:} 8... Bf5 9. f3 b5 10. g4 Bc8 11. Bd3 Re8 12. h4 b4 13. Nb1 a5 14. Ne2 {0-1 (53) Serpetsidaki,E (1537)-Spiliopoulos,A (1401) Greece 2014}) 9. Bd3 Na6 10. Qe3 Bd6 11. Nf3 h6 12. Bh4 Qc7 (12... Nb4 $11) 13. Kb1 $36 {[%mdl 2048] Threatens to win with Bxf6. White has some pressure.} ({Not} 13. Bxf6 $2 Bf4 $19) 13... Bf4 14. Qe2 $1 {aiming for Bxf6.} g5 (14... Nh7 $14) 15. Bg3 $18 Bg4 16. Qf1 $1 Bxf3 17. gxf3 Nb4 18. h4 {Strongly threatening hxg5.} Rfe8 19. Rxe8+ Rxe8 20. hxg5 (20. Be2 $142 $1) 20... Nxd3 $16 21. Qxd3 hxg5 22. Qf5 Qd6 23. Rg1 Nh5 {[%cal Rh5g3] [#]} 24. Qxg5+ $1 {[%mdl 512]} Bxg5 25. Bxd6 Ng7 26. Be5 {Black must now prevent Bxg7.} f6 27. Bc7 Bh4 28. Nd1 ({Much worse is} 28. Bxa5 Bxf2 29. Rd1 Nf5 $11) 28... a4 29. Bf4 Kf7 30. Rh1 Bg5 31. Bxg5 fxg5 $14 {[%mdl 4096] Endgame KRN-KRN} 32. Ne3 Kg6 33. Ng4 Nf5 34. Ne5+ Kg7 $1 35. c3 c5 36. Rg1 cxd4 37. f4 $1 ({Avoid the trap} 37. Rxg5+ $2 Kf6 $19) 37... Kf6 38. fxg5+ Kg7 39. f4 dxc3 40. bxc3 Nd6 41. Kc2 Rh8 (41... Rf8 $142) 42. Rd1 $18 Nf5 {[#] And now ...Ne3+ would win.} 43. Rb1 $1 {[%cal Rb1b7]} Rh2+ 44. Kd3 Rh3+ 45. Ke2 Rxc3 46. Rxb7+ Kg8 {[#]} 47. Ng4 $1 Ng3+ (47... d4 $142 48. Ra7 a3 49. Nf6+ Kf8) 48. Kd1 Nf5 $2 (48... Rc6 $18 49. Nh6+ Kh8) 49. Nf6+ {Accuracy: White = 71%, Black = 48%.} 1-0

[Event "Norm Congress-GM 2019"]
[Site "Saint Louis"]
[Date "2019.05.18"]
[Round "4.4"]
[White "Ali Marandi, Cemil Can"]
[Black "Escalante Ramirez, Brian Sebasti"]
[Result "0-1"]
[WhiteElo "2531"]
[BlackElo "2452"]
[Annotator "TA"]
[PlyCount "26"]
[EventDate "2019.05.16"]
[EventType "tourn"]
[EventCountry "USA"]
[SourceTitle "playchess.com"]
[Source "ChessBase"]
[SourceQuality "1"]

{[%evp 9,26,0,0,0,0,0,0,-35,-37,-61,-64,-59,-54,-75,-47,-216,-216,-775,-789]} 1. d4 Nf6 2. Bf4 g6 3. Nc3 d5 4. e3 Bg7 5. h4 h5 (5... c6 6. Be2 h5 7. Nf3 Bg4 8. Ne5 Bxe2 9. Qxe2 Nbd7 10. O-O-O Rc8 11. f3 {0-1 (60) Nabaty,T (2692)-Rodshtein,M (2674) Czech Republic 2019}) 6. Qd2 {A45: Trompowsky Attack} O-O 7. O-O-O $146 ({Predecessor:} 7. Nf3 c5 8. Bd3 cxd4 9. exd4 Nc6 10. O-O Ng4 11. Bb5 Nxd4 12. Nxd4 {½-½ (55) Barva,A (2371)-Becskei,Z (2256) Hungary 2018}) 7... c5 8. dxc5 {The position is equal.} Nbd7 {[%cal Bb8d7,Bd7c5,Bc5d3][%mdl 32]} 9. Nxd5 Nxd5 10. Qxd5 Qa5 11. Bg5 $1 {[%cal Rg5e7]} Re8 12. Nf3 $2 ({White has to play} 12. Bc4 $15 Ne5 13. Bb3) 12... Nxc5 $19 {Threatens to win with ...Be6.} 13. Nd4 $2 {[#]} (13. Bxe7 Rxe7 14. Qd8+ Qxd8 15. Rxd8+ Bf8 16. Bc4) 13... Nd3+ $1 {[%mdl 576] Discovered Attack} 0-1

[Event "Norm Congress-GM 2019"]
[Site "Saint Louis"]
[Date "2019.05.18"]
[Round "4.5"]
[White "Wang, Justin"]
[Black "Shtembuliak, Evgeny"]
[Result "1/2-1/2"]
[WhiteElo "2434"]
[BlackElo "2516"]
[Annotator "TA"]
[PlyCount "135"]
[EventDate "2019.05.16"]
[EventType "tourn"]
[EventCountry "USA"]
[SourceTitle "playchess.com"]
[Source "ChessBase"]
[SourceQuality "1"]

{[%evp 13,135,0,12,8,36,25,25,18,92,91,89,30,37,20,26,-14,-13,-35,29,33,33,22,22,22,22,22,22,22,22,22,22,16,33,14,104,18,76,83,104,26,32,0,0,0,0,0,0,0,0,-5,0,0,0,0,0,0,0,0,0,0,0,0,0,0,0,0,0,0,0,0,0,0,0,0,0,0,0,0,37,0,0,0,0,0,0,-29,24,0,104,104,104,0,0,0,104,104,104,0,0,0,0,0,0,0,0,0,0,0,0,0,0,0,161,157,288,103,265,258,250,212,201,0,194,0]} 1. e4 e6 2. d4 d5 3. Nc3 Nf6 4. e5 Nfd7 5. f4 c5 6. Nf3 Nc6 7. Ne2 b5 8. a3 {C05: French Tarrasch: 3...Nf6 4 e5 Nfd7, 5 f4 and 5 Bd3 sidelines} a5 (8... Qb6 9. c3 Be7 10. f5 exf5 11. Nf4 cxd4 12. Nxd5 Qb7 13. cxd4 O-O 14. Qc2 Bd8 15. Ne3 g6 16. Bd2 Bb6 17. Bxb5 Nxd4 18. Nxd4 Bxd4 19. Bc6 Qb8 20. O-O Nxe5 {0-1 (20) Bacrot,E (2718)-Wei,Y (2734) Liaocheng 2018}) 9. c3 c4 10. g4 {White has an edge.} h5 (10... Be7 $11) 11. gxh5 $1 $16 Rxh5 {[#]} 12. Ng3 $146 (12. f5 $1 $16 {[%mdl 512]}) ({Predecessor:} 12. f5 exf5 13. Nf4 Rh8 14. Nxd5 Ne7 15. Nf4 Nb6 {½-½ (40) Heberla,B (2500)-Moor,O (2369) Marianske Lazne 2009}) 12... Rh8 $11 13. Bg2 Nb6 14. O-O Ne7 15. Bd2 Nf5 (15... Ng6 $15) 16. Nxf5 exf5 17. Be1 Be7 18. Qd2 Be6 19. h4 Qd7 20. Ng5 O-O-O 21. Bg3 Kc7 22. Bf3 Ra8 23. h5 b4 (23... Rag8 $11) 24. Rfb1 ({Better is} 24. axb4 $16 axb4 25. cxb4) 24... bxa3 (24... b3 $11) 25. bxa3 $16 Rhb8 26. Bd1 (26. Be1 $16) 26... Nc8 27. Nxe6+ fxe6 28. a4 Qe8 29. Qh2 Rb6 30. Rxb6 Nxb6 31. Bh4 Bf8 32. Bg5 Rb8 33. Rb1 Nd7 34. Rxb8 Qxb8 35. Qa2 Qb6 36. Kf1 Nb8 37. Bh4 Nc6 38. Bf2 Qb8 39. Bh4 Qb6 40. Bf2 Be7 41. Be3 Qb8 42. Bc1 Qb6 43. Be3 Kb7 44. Qa1 Ka6 45. Bc1 Bb4 46. Bd2 Bf8 47. Bc2 Nb4 48. cxb4 axb4 49. Bd1 Ka5 ({Black should try} 49... b3 50. Bc1 Bb4) 50. Qb2 Qc7 (50... Ka6 $11 {remains equal.}) 51. Be1 Qb6 52. Bd2 (52. Qf2 $1 $16) 52... Qa6 {Hoping for ...c3+.} 53. Kg2 Qc8 (53... Qb6 $11) 54. Be1 $1 Qc6 55. Qb1 (55. Kf3 $16) 55... Qb6 $11 56. Qb2 Ka6 57. Bd2 b3 58. Bc3 Bb4 {White must now prevent ...Bxc3.} 59. Bxb3 $1 Bxc3 {[#]} 60. Bxc4+ $1 {[%mdl 512]} dxc4 61. Qxc3 {[%mdl 4096] Endgame KQ-KQ} Qb3 62. Qf3 $1 Ka5 $2 (62... Qb2+ $11 {and Black is okay.} 63. Kg3 Qxd4 64. Qc6+ Ka7) 63. d5 $1 $18 {[%cal Rd5e6]} exd5 {[#]} (63... Qxa4 $16 64. dxe6 Kb4) 64. Qxd5+ $2 (64. e6 $1 $18 {and the rest is easy.} Qb7 65. Qc3+ Ka6 66. Qe5) 64... Kxa4 $2 {[#]} (64... Kb4 $16) 65. e6 $1 {[%cal Re6e7] Threatens to win with e7.} Qb2+ 66. Kh3 Qc3+ 67. Kg2 Qb2+ 68. Kh3 $2 {Accuracy: White = 50%, Black = 54%.} (68. Kf3 $18 Qb3+ 69. Kf2 Qb2+ 70. Ke3 Qc3+ 71. Kf2 Qb2+ 72. Kg3 Qc3+ 73. Kh2 Qc2+ 74. Kh3 Qc3+ 75. Kg2 Qc2+ 76. Kf3 Qb3+ 77. Kg2 Qc2+ 78. Kf3 Qb3+) 1/2-1/2

[Event "Norm Congress-GM 2019"]
[Site "Saint Louis"]
[Date "2019.05.18"]
[Round "5.1"]
[White "Shtembuliak, Evgeny"]
[Black "Korley, Kassa"]
[Result "1-0"]
[WhiteElo "2516"]
[BlackElo "2468"]
[Annotator "TA"]
[PlyCount "71"]
[EventDate "2019.05.16"]
[EventType "tourn"]
[EventCountry "USA"]
[SourceTitle "playchess.com"]
[Source "ChessBase"]
[SourceQuality "1"]

{[%evp 9,71,16,27,13,21,3,34,32,48,43,60,44,44,37,45,42,43,33,76,62,66,70,55,57,80,59,55,28,37,36,34,45,38,49,31,24,53,57,48,14,45,30,88,102,103,75,65,67,127,126,188,166,187,175,281,277,248,279,256,243,270,257,891,881]} 1. g3 d5 2. Nf3 Nf6 3. Bg2 c6 4. c4 e6 5. b3 Bd6 6. Bb2 {A13: English Opening: 1...e6} O-O 7. O-O Qe7 8. d4 {White is slightly better.} b6 9. Nc3 Nbd7 10. Qc2 Bb7 11. e4 Nxe4 12. Nxe4 dxe4 13. Qxe4 f5 14. Qe2 c5 15. Rfe1 Rae8 16. Rad1 Be4 17. dxc5 Nxc5 18. Be5 Bxe5 19. Nxe5 Qc7 20. Qb2 Bxg2 21. Kxg2 {aiming for b4.} Rd8 22. b4 {[%cal Bb3b4,Bb4b5][%mdl 32]} Ne4 23. f3 {Black must now prevent Rxd8.} Nf6 24. Qe2 Rfe8 (24... Ne4 $5) 25. b5 Nd7 (25... Ne4 $11 {keeps the balance.}) 26. Nc6 $16 Rc8 27. Rd2 $36 {[%mdl 2048] White is in control.} Nc5 28. Red1 a6 (28... Qf7 $14) 29. Rd6 axb5 (29... Kh8 $16 30. bxa6 Ra8) 30. cxb5 $18 Ra8 {[#]} 31. Ne5 $1 Red8 (31... Qa7 $142 32. R1d2 Qa5) 32. Rc6 Qe7 33. Rxd8+ Qxd8 {[#]} 34. Nc4 $1 Qd4 35. Nxb6 Ra3 $2 {[#]} (35... Rd8 36. Nc4 g5) 36. Rxc5 $1 {[%mdl 512] Accuracy: White = 64%, Black = 25%.} 1-0

[Event "Norm Congress-GM 2019"]
[Site "Saint Louis"]
[Date "2019.05.18"]
[Round "5.2"]
[White "Escalante Ramirez, Brian Sebasti"]
[Black "Wang, Justin"]
[Result "1/2-1/2"]
[WhiteElo "2452"]
[BlackElo "2434"]
[Annotator "TA"]
[PlyCount "116"]
[EventDate "2019.05.16"]
[EventType "tourn"]
[EventCountry "USA"]
[SourceTitle "playchess.com"]
[Source "ChessBase"]
[SourceQuality "1"]

{[%evp 14,116,33,31,27,9,21,0,0,0,0,0,0,0,0,0,0,-10,0,-19,0,-14,-17,-17,0,-38,-50,-89,-77,-106,-91,-126,-131,-160,-73,-73,-65,-77,-86,-94,-79,-90,-83,-100,-99,-94,-85,-99,-102,-100,-117,-112,-101,-114,-55,-69,0,0,0,0,10,10,43,58,54,8,0,0,0,0,0,0,0,0,0,0,0,0,0,0,0,0,0,0,89,0,0,0,0,0,0,0,0,0,0,0,0,0,0,0,0,0,0,0,0]} 1. e4 e5 2. Nf3 Nc6 3. Bc4 Nf6 4. Ng5 d5 5. exd5 Na5 6. Bb5+ c6 7. dxc6 bxc6 8. Bd3 Nd5 {C58: Two Knights: 4 Ng5 d5 5 exd5 Na5 sidelines} 9. h4 (9. Nf3 Bd6 10. O-O O-O 11. Re1 f5 12. b4 Nxb4 13. Nxe5 Bxe5 14. Rxe5 Nxd3 15. cxd3 Qd4 16. Rxa5 Qxa1 {½-½ (31) Vovk,A (2616)-Demchenko,A (2661) Fagernes 2019}) 9... Qc7 10. Nc3 h6 11. Nxd5 cxd5 12. Bb5+ $146 ({Predecessor:} 12. Qh5 Bc5 13. c3 Nc6 14. O-O e4 15. Nxe4 dxe4 16. Bxe4 {0-1 (36) Kazoks,A (2341)-Prozorovskij,V (2347) ICCF email 2016}) 12... Bd7 13. Bxd7+ $1 ({Reject} 13. Nxf7 Kxf7 14. Qf3+ Ke8 $17) 13... Qxd7 14. Nf3 Bd6 $36 {[%mdl 2048] Black has some pressure.} 15. d4 e4 16. Ne5 Bxe5 17. dxe5 O-O 18. O-O Nc6 {[%cal Ba5c6,Bc6e5,Be5d3][%mdl 32]} 19. c4 Nxe5 20. cxd5 Qf5 {White must now prevent ...Nf3+!} 21. Qd2 Nd3 22. f3 Qxd5 23. fxe4 {[#]} Qxe4 ({Black should play} 23... Qd4+ $1 24. Kh2 Qxe4) 24. Qe3 $17 Rfe8 25. Qxe4 Rxe4 26. Bd2 Rxh4 27. b3 Rd8 28. Be3 a6 29. Rad1 Rh5 30. Rf4 Rhd5 31. Ra4 R8d6 32. Ba7 g5 33. Bb8 Rd8 ({Better is} 33... Rb6 $17 34. Ba7 Rbd6) 34. Bg3 h5 (34... Ra8 $15) 35. Rxa6 $11 h4 36. Bc7 R8d7 37. Ra5 Nf4 38. Raxd5 Nxd5 $14 {[%mdl 4096] Endgame KRB-KRN} 39. Bb8 f6 40. a4 Kf7 41. b4 Rb7 {...Nc3 is the strong threat.} 42. Rxd5 (42. Bh2 {keeps more tension.} Nc3 43. Ra1 g4 44. Kh1 g3 45. Bg1) 42... Rxb8 $11 {KR-KR} 43. b5 Ke6 44. Rc5 Ra8 $1 {[%cal Ra8a4]} 45. Rc6+ Kd7 46. Rc4 Rc8 47. Rd4+ Kc7 48. a5 Ra8 {[#]} (48... Kb8 $11 {keeps the balance.}) 49. Rc4+ (49. b6+ $1 $16 Kc6 50. Rc4+ Kb5 51. Rc7) 49... Kb7 {The position is equal.} 50. Ra4 f5 51. Kf2 g4 52. Ke3 h3 53. gxh3 gxh3 54. Kf2 f4 55. Ra1 Rc8 56. Kf3 Ra8 57. Kxf4 {Strongly threatening Kg3.} h2 58. Rh1 Rxa5 {Accuracy: White = 61%, Black = 75%.} 1/2-1/2

[Event "Norm Congress-GM 2019"]
[Site "Saint Louis"]
[Date "2019.05.18"]
[Round "5.3"]
[White "Banawa, Joel"]
[Black "Ali Marandi, Cemil Can"]
[Result "1/2-1/2"]
[WhiteElo "2396"]
[BlackElo "2531"]
[Annotator "TA"]
[PlyCount "53"]
[EventDate "2019.05.16"]
[EventType "tourn"]
[EventCountry "USA"]
[SourceTitle "playchess.com"]
[Source "ChessBase"]
[SourceQuality "1"]

{[%evp 11,53,31,39,31,25,26,54,57,56,46,62,56,56,56,52,47,66,67,54,64,76,78,82,77,82,89,90,65,97,86,83,53,58,56,56,58,58,35,51,0,52,0,44,0]} 1. e4 e5 2. Nf3 Nc6 3. d4 exd4 4. Nxd4 Bc5 5. Nb3 Bb4+ 6. c3 Be7 7. f4 {C45: Scotch Game} d6 8. Bd3 Nf6 9. N1d2 O-O 10. O-O Re8 11. Qc2 Bf8 12. Nf3 Qe7 $146 {[%cal Rf6e4]} ({Predecessor:} 12... g6 13. f5 Ng4 14. Bg5 Be7 {1-0 (52) Vallejo Pons,F (2706)-Georgiev,K (2636) Khanty-Mansiysk 2013}) 13. Re1 Bg4 14. Qf2 Bxf3 15. Qxf3 g6 16. Bd2 Bg7 17. Re2 Nd7 18. Rf1 Rad8 19. Qh3 Nb6 20. Be3 Qd7 21. Qxd7 (21. Qg3 {keeps more tension.} a5 22. Bxb6 cxb6 23. a4 d5 24. e5) 21... Rxd7 22. Rfe1 Rde7 23. Bf2 Nd7 24. Bh4 Bf6 25. Bf2 Bg7 $1 26. Bh4 Bf6 27. Bf2 {Accuracy: White = 75%, Black = 49%.} 1/2-1/2

[Event "Norm Congress-GM 2019"]
[Site "Saint Louis"]
[Date "2019.05.18"]
[Round "5.4"]
[White "Abrahamyan, Tatev"]
[Black "Boros, Denes"]
[Result "1/2-1/2"]
[WhiteElo "2373"]
[BlackElo "2439"]
[Annotator "TA"]
[PlyCount "31"]
[EventDate "2019.05.16"]
[EventType "tourn"]
[EventCountry "USA"]
[SourceTitle "playchess.com"]
[Source "ChessBase"]
[SourceQuality "1"]

{[%evp 20,31,0,0,0,0,0,0,0,-5,0,-7,-5,-2]} 1. e4 e6 2. d4 d5 3. Nc3 dxe4 4. Nxe4 Be7 5. Nf3 Nf6 6. Nxf6+ Bxf6 7. Bd3 c5 8. dxc5 Nd7 9. Qe2 Nxc5 10. Bb5+ Bd7 11. O-O {The position is equal.} Qc7 {C10: French with 3 Nc3: Unusual Black 3rd moves and 3...dxe4} (11... O-O 12. Be3 Bxb5 13. Qxb5 b6 14. Rad1 Qe8 15. Qb4 a5 16. Qa3 Qc6 17. Bd4 Bxd4 18. Nxd4 Qa4 19. Qc3 {1-0 (60) Vera Siguenas,D (2526)-Palencia Morales,G (2343) Medellin 2017}) 12. Be3 a6 13. Bxd7+ Nxd7 14. Bd4 $146 ({Predecessor:} 14. c3 O-O 15. Rfe1 Nb6 16. Ng5 Nd5 17. Qh5 Bxg5 18. Bxg5 f6 19. Bd2 {1-0 (33) Della Morte,G (2387)-Perez,M (2102) Villa Ballester 2008}) 14... Rc8 15. c3 Bxd4 16. Nxd4 1/2-1/2

[Event "Norm Congress-GM 2019"]
[Site "Saint Louis"]
[Date "2019.05.18"]
[Round "5.5"]
[White "Hong, Andrew"]
[Black "Jacobson, Brandon"]
[Result "1-0"]
[WhiteElo "2414"]
[BlackElo "2503"]
[Annotator "TA"]
[PlyCount "67"]
[EventDate "2019.05.16"]
[EventType "tourn"]
[EventCountry "USA"]
[SourceTitle "playchess.com"]
[Source "ChessBase"]
[SourceQuality "1"]

{[%evp 14,67,33,21,33,3,12,0,6,-83,-64,-138,-84,-85,-84,-93,-79,-126,0,7,20,-4,0,-41,91,0,80,40,170,148,134,125,157,142,182,98,290,300,298,297,252,296,292,262,385,385,895,876,897,896,897,889,889,864,903,884]} 1. e4 g6 2. d4 Bg7 3. Nc3 d6 4. g3 Nf6 5. Bg2 O-O 6. Nge2 Nbd7 7. O-O e5 8. h3 b6 {B07: Pirc Defence: Miscellaneous Systems} (8... c6 9. Re1 b5 10. a3 Nb6 11. b3 Bb7 12. Bb2 a6 13. Qd2 Re8 14. Rad1 Qc7 15. Qc1 Rad8 16. Qa1 Nfd7 {1-0 (56) Abdusattorov,N (2546)-Bosiocic,M (2599) St Petersburg 2018}) 9. d5 a5 $146 ({Predecessor:} 9... Ne8 10. g4 Qh4 11. Ng3 Bh6 12. Bxh6 Qxh6 13. Qc1 Qxc1 14. Rfxc1 a6 15. b4 Ng7 16. Na4 {½-½ (29) Smorenberg,J-Hartoch,R (2320) Dieren 1998}) 10. a4 Nc5 {The position is equal.} 11. f4 (11. Be3 $11) 11... exf4 $17 12. gxf4 (12. Nxf4 $15 Re8 13. Re1) 12... Re8 (12... Ba6 $142 13. Re1 Nh5) 13. Ng3 h5 {[#]} 14. e5 $1 {[%mdl 512]} dxe5 15. fxe5 Nh7 (15... Rxe5 $17 {Threatens to win with ...Ba6.} 16. Bf4 Re8) 16. Qf3 $1 $11 {[%cal Rf3f7]} Rf8 17. Qf4 h4 {[#] Strongly threatening ...g5.} 18. Nge4 Nxe4 (18... Nd7 $1 $15 {stays ahead.}) 19. Nxe4 (19. Qxe4 $16 Rb8 20. Bd2) 19... Bf5 (19... Ba6 $1 $11 20. Rf2 f5) 20. Bd2 $36 {[%mdl 2048] White has some pressure.} Kh8 (20... Qe7 $14) 21. c4 Qe7 22. Bc3 Rae8 {[%cal Rg7e5]} 23. d6 Qd8 24. Nf6 ({Better is} 24. dxc7 $18 Qxc7 25. Nd6 {[%mdl 64] Double Attack} (25. Qxh4 Bxe4 26. Qxe4 Bxe5 $11)) 24... cxd6 $2 (24... Bxf6 $16 {was worth a try.} 25. dxc7 (25. exf6 Qxd6 26. Qh6 Rg8 $16) 25... Qxc7 26. exf6 {[%mdl 64] Discovered Attack} Qxf4 27. Rxf4 Kg8) 25. Nxe8 $18 Rxe8 26. exd6 Bxc3 27. bxc3 Kg8 28. Rae1 Rxe1 (28... Nf8 {was necessary.} 29. Rxe8 Qxe8 30. Qxh4 Qe3+ 31. Kh2 Qxc3) 29. Rxe1 {And now Re7 would win.} Ng5 $2 (29... Be6 30. Qd4 Qg5) 30. Re7 {White is clearly winning.} Ne6 31. Qe5 Qf8 32. Qf6 Qg7 33. Qxg7+ Kxg7 34. d7 {Accuracy: White = 48%, Black = 38%.} 1-0

[Event "Norm Congress-GM 2019"]
[Site "Saint Louis"]
[Date "2019.05.19"]
[Round "6.1"]
[White "Korley, Kassa"]
[Black "Jacobson, Brandon"]
[Result "1/2-1/2"]
[WhiteElo "2468"]
[BlackElo "2503"]
[Annotator "TA"]
[PlyCount "125"]
[EventDate "2019.05.16"]
[EventType "tourn"]
[EventCountry "USA"]
[SourceTitle "playchess.com"]
[Source "ChessBase"]
[SourceQuality "1"]

{[%evp 11,125,26,54,39,50,11,16,0,0,-3,5,0,4,2,18,14,8,21,22,9,9,4,33,15,46,53,64,61,77,55,50,44,39,38,48,25,26,22,39,21,37,26,35,16,36,15,7,3,20,43,42,42,63,65,62,59,127,8,10,0,0,0,0,0,0,-8,0,0,0,0,18,15,17,0,0,0,0,0,0,0,0,0,0,0,0,-11,-4,-8,0,0,0,0,0,0,0,0,0,0,0,-4,-4,-4,-4,-4,-4,-4,-4,-4,-4,-4,-4,-4,-4,-4,-4,-4]} 1. d4 d6 2. e4 g6 3. Nf3 Bg7 4. c3 Nf6 5. Bd3 O-O 6. O-O Nc6 7. Bc2 {B07: Pirc Defence: Miscellaneous Systems} (7. h3 e5 8. Re1 Re8 9. Na3 b6 10. Nc2 Bb7 11. Bg5 h6 12. Bd2 Qe7 13. b4 Qf8 14. d5 Ne7 15. c4 Nd7 16. a4 f5 17. a5 {0-1 (39) Wei,Y (2734)-Dubov,D (2696) Liaocheng 2018}) 7... e5 8. dxe5 dxe5 9. Qxd8 $146 ({Predecessor:} 9. Qe2 Qe7 10. b4 a6 11. a4 {1-0 (46) Rossi,C (2436)-Gallegos,C (2048) Istanbul 2000}) 9... Rxd8 10. h3 b6 11. Re1 h6 12. Na3 Bb7 13. Nc4 Ne8 14. Be3 Nd6 15. Nxd6 cxd6 16. Rad1 Ne7 17. Bc1 f5 18. exf5 Bxf3 19. gxf3 gxf5 20. f4 e4 21. f3 d5 22. Bb3 {Hoping for fxe4.} Kh8 23. Be3 Rd6 24. Re2 Rad8 25. Red2 Bf6 26. Kf1 Kh7 27. a4 h5 28. Bc2 {aiming for fxe4.} Re6 29. Bg1 Rg8 30. fxe4 fxe4 {[#]} 31. c4 $1 {[%mdl 512]} dxc4 32. Rd6 $1 {[%cal Rd6e6]} Rxd6 33. Rxd6 Bxb2 (33... Rf8 $14) 34. Bxe4+ (34. Rd7 $16 Re8 35. Bxe4+ (35. Rxa7 Kg6 $16) 35... Kh6 36. Be3 (36. Rxa7 Ng6 $16)) 34... Kg7 $1 $11 {The position is equal.} 35. Rd7 Kf6 36. Rc7 Ba3 37. Rxc4 Bd6 38. Bf3 Nf5 39. Bf2 Ng3+ 40. Ke1 Re8+ 41. Kd1 h4 42. Rc6 Ke7 43. a5 Rd8 {[#] White must now prevent ...Bc5+.} 44. Kc2 bxa5 45. Bxa7 Bxf4 46. Bc5+ Kf7 47. Bg4 a4 48. Kb2 Rd3 49. Ra6 Ne4 50. Ra7+ Kg6 51. Ra6+ Kg7 52. Ra7+ Kg6 53. Ra6+ Nf6 54. Be7 Be5+ 55. Ka2 Rd4 56. Re6 Rd2+ 57. Ka3 Bb2+ 58. Kxa4 Kf7 59. Bxf6 Bxf6 60. Re2 Rxe2 61. Bxe2 Ke6 62. Bg4+ Ke5 63. Kb3 {Accuracy: White = 60%, Black = 55%.} 1/2-1/2

[Event "Norm Congress-GM 2019"]
[Site "Saint Louis"]
[Date "2019.05.19"]
[Round "6.2"]
[White "Boros, Denes"]
[Black "Hong, Andrew"]
[Result "1-0"]
[WhiteElo "2439"]
[BlackElo "2414"]
[Annotator "RC"]
[PlyCount "97"]
[EventDate "2019.05.16"]
[EventType "tourn"]
[EventCountry "USA"]
[SourceTitle "playchess.com"]
[Source "ChessBase"]
[SourceQuality "1"]
[TimeControl "5400+30"]

1. e4 {[%emt 0:00:00]} c5 {[%emt 0:00:00]} 2. Nf3 {[%emt 0:00:00]} d6 {[%emt 0:00:24]} 3. d4 {[%emt 0:00:00]} cxd4 {[%emt 0:00:07]} 4. Nxd4 {[%emt 0:00:02]} Nf6 {[%emt 0:00:10]} 5. Nc3 {[%emt 0:00:09]} a6 {[%emt 0:00:17]} 6. a4 {[%emt 0:00:09]} e5 {[%emt 0:03:39]} 7. Nf3 {[%emt 0:00:15]} Be7 {[%emt 0:07:11]} 8. Bc4 {[%emt 0:01:00]} Be6 {[%emt 0:03:20]} 9. Qe2 {[%emt 0:04:18]} O-O {[%emt 0:06:05]} 10. Ba2 {[%emt 0:05:46]} Nc6 {[%emt 0:02:28]} 11. O-O {[%emt 0:00:32]} Rc8 {[%emt 0:04:57]} 12. Rd1 {[%emt 0:01:55]} Qc7 {[%emt 0:05:03]} 13. Bg5 {[%emt 0:08:48]} Nb4 {[%emt 0:04:50]} 14. Bb3 {[%emt 0:01:13]} Rfd8 {[%emt 0:16:39]} 15. Ne1 {[%emt 0:08:45]} Bg4 {[%emt 0:07:42]} 16. f3 {[%emt 0:05:33]} Be6 {[%emt 0:01:17]} 17. Kh1 {[%emt 0:06:43]} Ne8 {[%emt 0:08:55]} 18. Be3 {[%emt 0:02:27]} Bxb3 {[%emt 0:05:44]} 19. cxb3 {[%emt 0:00:24]} d5 {[%emt 0:00:14]} 20. Nxd5 {[%emt 0:06:16]} Nxd5 {[%emt 0:00:13]} 21. Rac1 {[%emt 0:01:39]} Nxe3 {[%emt 0:13:09]} 22. Rxc7 {[%emt 0:00:28]} Nxc7 {[%emt 0:00:50]} 23. Rxd8+ {[%emt 0:01:00]} Rxd8 {[%emt 0:01:25]} 24. Qxe3 {[%emt 0:01:03]} Rd1 {[%emt 0:05:07]} 25. Qc3 {[%emt 0:01:28]} a5 {[%emt 0:01:40]} 26. g3 {[%emt 0:02:14]} Na6 {[%emt 0:00:49]} 27. Kg2 {[%emt 0:01:07]} Bb4 {[%emt 0:00:35]} 28. Qc8+ {[%emt 0:02:33]} Bf8 {[%emt 0:00:02]} 29. Kf2 {[%emt 0:01:23]} Nc5 {[%emt 0:00:57]} 30. Ke2 {[%emt 0:03:52]} Rc1 {[%emt 0:00:27]} 31. f4 {[%emt 0:02:30]} g6 {[%emt 0:00:38]} 32. Nf3 {[%emt 0:01:08]} exf4 {[%emt 0:00:28]} 33. gxf4 {[%emt 0:01:31]} Rc2+ {[%emt 0:00:27]} 34. Ke3 {[%emt 0:03:59]} Rxb2 {[%emt 0:00:23]} 35. Nd4 {[%emt 0:00:27]} Rxh2 {[%emt 0:00:46]} 36. e5 {[%emt 0:00:26]} Rb2 {[%emt 0:00:26]} 37. e6 {[%emt 0:01:02]} fxe6 {[%emt 0:00:33]} 38. Nxe6 {[%emt 0:00:10]} Rxb3+ {[%emt 0:00:01]} 39. Ke2 {[%emt 0:00:39]} Rb2+ {[%emt 0:00:08]} 40. Kd1 {[%emt 0:00:20]} Kf7 {[%emt 0:01:03]} 41. Nxf8 {[%emt 0:01:58]} Nd3 {[%emt 0:00:33]} 42. Nxh7 {[%emt 0:01:36]} Nf2+ {[%emt 0:00:37]} 43. Ke1 {[%emt 0:00:12]} Nd3+ {[%emt 0:00:11]} 44. Kf1 {[%emt 0:00:06]} Rb1+ {[%emt 0:00:50]} 45. Kg2 {[%emt 0:00:59]} Nxf4+ {[%emt 0:00:20]} 46. Kf2 {[%emt 0:01:12]} Rb4 {[%emt 0:00:41]} 47. Qd7+ {[%emt 0:01:27]} Kg8 {[%emt 0:00:05]} 48. Ng5 {[%emt 0:00:18]} Rb2+ {[%emt 0:00:47]} 49. Kf3 {[%emt 0:00:07]} 1-0